| 000 | 00463nam a2200193Ia 4500 | ||
|---|---|---|---|
| 008 | 240510s9999 xx 000 0 und d | ||
| 020 | _a0000932577563 | ||
| 041 | _aEng | ||
| 082 | _a004.678 | ||
| 082 | _bW21 | ||
| 100 | _aStaff of CLASSROOM CONNECT | ||
| 245 | 0 | _aWEB GUIDE - Science : Instant Guide to the best internet web sites | |
| 260 | _bClassroom Connect | ||
| 260 | _c1997 | ||
| 300 | _a35 p. | ||
| 650 | _a- | ||
| 942 | _2ddc | ||
| 942 | _cLBK | ||
| 999 |
_c27032 _d27032 |
||
| 945 |
_a1 _bMadushi Gamage _c1 _dMadushi Gamage |
||